Central Library OPAC University of Rajshahi

Newer virus diseases : (Record no. 72803)

MARC details
000 -LEADER
fixed length control field 00738nam a2200241 a 4500
001 - CONTROL NUMBER
control field 72803
003 - CONTROL NUMBER IDENTIFIER
rucl marc code BD-RjUL
005 - DATE AND TIME OF LATEST TRANSACTION
control field 20211209082318.0
008 - FIXED-LENGTH DATA ELEMENTS--GENERAL INFORMATION
fixed length control field 170523s1960 nyua b 001 0 eng
035 ## - SYSTEM CONTROL NUMBER
System control number (BD-RjUL)73021
040 ## - CATALOGING SOURCE
Original cataloging agency DLC
Transcribing agency FT
Modifying agency BD-RjUL
Language of cataloging eng
041 ## - LANGUAGE CODE
Language code of text/sound track or separate title eng
082 ## - DEWEY DECIMAL CLASSIFICATION NUMBER
Classification number 616.2
Edition number 23
Author mark and year ADN 1960
100 1# - MAIN ENTRY--PERSONAL NAME
Personal name Adams, John Milton,
Dates associated with a name 1905-
9 (RLIN) 215334
245 10 - TITLE STATEMENT
Title Newer virus diseases :
Remainder of title clinical differentiation of acute respiratory infections. /
Statement of responsibility, etc. John M. Adams
260 ## - PUBLICATION, DISTRIBUTION, ETC. (IMPRINT)
Place of publication, distribution, etc. New York :
Name of publisher, distributor, etc. Macmillan,
Date of publication, distribution, etc. 1960.
300 ## - PHYSICAL DESCRIPTION
Pagination xvi, 292 p. :
Illustrations ill.;
Size 22 cm.
500 ## - GENERAL NOTE
General note Includes includes
650 #0 - SUBJECT ADDED ENTRY--TOPICAL TERM
Topical term or geographic name as entry element Virus diseases.
9 (RLIN) 160713
Topical term or geographic name as entry element Respiratory organs
General subdivision Diseases.
9 (RLIN) 215335
942 ## - ADDED ENTRY ELEMENTS (KOHA)
Source of classification or shelving scheme Dewey Decimal Classification
Koha item type Books
Holdings
Lost status Source of classification or shelving scheme Damaged status Not for loan Collection code Permanent Location Current Location Shelving location Date acquired Source of acquisition Cost, normal purchase price Total Checkouts Full call number Date last seen Copy number Koha item type
  Dewey Decimal Classification   Not For Loan Non-fiction Central Library, University of Rajshahi Central Library, University of Rajshahi Reading Room 01/10/1965 Zeitlinger 45.00   616.2 ADN 1960 23/05/2017 C-1 Books